00430 2200181 4500001002100000005001500021035002000036007000300056008004100059020002200100082000800122084001400130100001800144245003100162260002600193300001700219650001200236INLIS00000000000816920260127102528 a0010-0126000166ta260127 0 ind  a978-979-044-423-2 a615 a615 CHR f0 aChris Langley1 aFASTTRACK /cChris Langley aJAKARTA :bEGC,c2025 a247 ;c25 cm 4aFARMASI